00780nam a22002537a 45000010005000000030006000050050017000110080041000280200018000690400032000870500009001190820008001281000017001362450062001532500023002152600046002383000048002844900022003325050008003545200104003625210019004665210020004856000021005053057FISKH20240201143442.0240201b cb ||||| |||| 00| 0 eng d a9780763611484 aFISKH bengcFISKH dFISKH  a469  aPZ7 aCaple, Kathy aWorm is stuck /cWritten and illustrated by Caple, Kathy  aFirst edition 2000 aMassachusetts :bCandlewick Press ,c2000 a8 pages : bcolor illustrations ;c15 cm .  aBrand New Readers aA  aIt's about all the shapes worm turns himself into, and what happens when he tie himself in a knot. 8 a10 bLexile 8 aA bRaz-Plus  2insectsvfiction